| 000 | 01078nam a22002177a 4500 | ||
|---|---|---|---|
| 999 |
_c56729 _d56729 |
||
| 003 | Ge_BSU | ||
| 005 | 20221116130445.0 | ||
| 008 | 190410s2008 ge ||||| |||| 00| 0 geo d | ||
| 020 | _a9789941904455 | ||
| 041 | _ageo | ||
| 080 | _a342(075.8) დ-32 | ||
| 100 |
_aდემეტრაშვილი, ავთანდილ _9134 |
||
| 245 |
_aკონსტიტუციური სამართალი : _bსახელმძღვანელო ბაკალავრიატის სტუდენტებისათვის / _cავთანდილ დემეტრაშვილი, ირაკლი კობახიძე. |
||
| 264 |
_aთბილისი : _bინოვაცია, _c2008. |
||
| 300 |
_a506 გვ. ; _c20 სმ. |
||
| 504 | _aბიბლიოგრაფია ტექს. შენიშვნ. | ||
| 653 | _aსამართალი | ||
| 653 | _aკონსტიტუციური სამართალი | ||
| 700 |
_aკობახიძე, ირაკლი _9135 |
||
| 942 |
_2udc _cBK |
||